000 00552 a2200169 4500
005 20250507080042.0
020 _a0-321-42395-X
082 _aLECT 332 MIS
100 _aMISHKIN, F. S.
245 _aThe Economics of Money, Banking and Financial Markets
250 _a3rd Ed.
260 _aToronto,
_bPearson,
_c2008.
300 _axxx, 734p.: ill.; figure, graph, table.
_bGlossary & index.
_c26cm.
700 _aSERLETIS, A.
856 _yAccess Online Book
_fThe Economics of Money, Banking and Financial Markets
_dwww.pearsoned.ca
942 _2ddc
_cBKS
999 _c2068
_d2068